00559 2200217 4500001002100000005001500021035002000036007000300056008004100059020001800100082001100118084001700129100002100146245004300167250001000210260003700220300003200257650003000289990001100319990001100330INLIS00000000000126420180116093926 a0010-0118000082ta180116 g 0 ind  a979-002-698-6 a639.31 a639.31 DWI b0 aDwi Suryaningrum1 aBaby Fish :bPenanganan dan Pengolahan aCet.2 aJakarta :bPenebarSwadaya,c2016 a76hlm :bilus ;c15 x 23 cm aPeternakan Ikan Air Tawar a5617 a a5617 b